000 00529nam a2200181Ia 4500
005 20250326123432.0
008 250326s9999 xx 000 0 und d
037 _aTextbook
040 _aFMSL
_beng
_cFMSL
041 _aeng
_2eng
084 _aX9S P5
_qFMSL
100 _aDebroy B
245 0 _aSmall-scale industry in India : large scale exit problems
_cDebroy B; Bhandari L
260 _aNew Delhi
_bNew Delhi, Academic Foundation
_c2005
300 _a238p
942 _cTB
_hX9S P5
999 _c1269358
_d1269358